000 00408nam a2200109Ia 4500
008 221009s9999 xx 000 0 und d
082 _a370
100 _aGuider
_979384
245 0 _aमध्‍य प्रदेश प्राथमिक शिक्षक पात्रता परीक्षा- 2020 सम्‍पूर्ण स्‍टडी नोट्स
260 _bGuider
942 _cBK
999 _c65290
_d65290